| 000 | 00943nam a2200253Ia 4500 | ||
|---|---|---|---|
| 001 | 239 | ||
| 003 | GE_BSU | ||
| 008 | 181216s||||||||xx |||||||||||||| ||und|| | ||
| 020 | _a552001106 | ||
| 040 | _cGE_BSU | ||
| 080 | _a811.353.1'282 | ||
| 245 | _aაჭარული დიალექტის დარგობრივი ლექსიკა III | ||
| 245 | _cრედ:ძიძიგური.შ | ||
| 250 | _aბათუმის ნ.ბერძენიშვილის სახ. სამეცნ.-კვლევ. ინ-ტი. | ||
| 260 | _aთბილისი | ||
| 260 | _bმეცნიერება | ||
| 260 | _c1981 | ||
| 300 | _a64 გვ.22სმ. | ||
| 541 | _h3 ლ. | ||
| 653 | _aაჭარული დიალექტი | ||
| 653 | _aქართული ენის დიალექტები | ||
| 653 | _aქართული ტოპონიმიკა | ||
| 942 | _cBK | ||
| 999 |
_c34490 _d34490 |
||